000 00529nam a2200121Ia 4500
008 170221s9999 xx 000 0 und d
100 _aNoor Raihan Ab Hamid
245 _aSocial media: an emerging dimension of marketing communication
245 _cNoor Raihan Ab Hamid, Universiti Tun Abdull Razak; Romiza Md Akhir, UNITAR International University; Aw Yoke Cheng, Asia Pacific University.
260 _bJournal of Management and Marketing Research
650 _xBusiness
856 _uhttp://www.aabri.com/manuscripts/121420.pdf
999 _c307825
_d307825